A revision of the North American species of buprestid beetles belonging to the tribe Chrysobothrini ... (Record no. 10209)
[ view plain ]
| 000 -LEADER | |
|---|---|
| fixed length control field | 00970cam a22002891 4500 |
| 001 - CONTROL NUMBER | |
| control field | agr42000401 |
| 003 - CONTROL NUMBER IDENTIFIER | |
| control field | DLC |
| 005 - DATE AND TIME OF LATEST TRANSACTION | |
| control field | 20260227111001.0 |
| 008 - FIXED-LENGTH DATA ELEMENTS--GENERAL INFORMATION | |
| fixed length control field | 771101s1942 dcua b 000 0 eng c |
| 010 ## - LIBRARY OF CONGRESS CONTROL NUMBER | |
| LC control number | agr42000401 |
| 040 ## - CATALOGING SOURCE | |
| Original cataloging agency | U.S. Dept. of agr. Library |
| Transcribing agency | DSI |
| Modifying agency | DLC |
| 050 00 - LIBRARY OF CONGRESS CALL NUMBER | |
| Classification number | QL596.B8 |
| Item number | F52 |
| 051 ## - LIBRARY OF CONGRESS COPY, ISSUE, OFFPRINT STATEMENT | |
| Classification number | S21 |
| Item number | .A46 no. 470 |
| Copy information | Copy 2. |
| 070 0# - NATIONAL AGRICULTURAL LIBRARY CALL NUMBER | |
| Classification number | 1Agr84M no. 470 |
| 082 00 - DEWEY DECIMAL CLASSIFICATION NUMBER | |
| Classification number | 595.76 |
| 100 1# - MAIN ENTRY--PERSONAL NAME | |
| Personal name | Fisher, Warren Samuel, |
| Dates associated with a name | 1878- |
| 245 12 - TITLE STATEMENT | |
| Title | A revision of the North American species of buprestid beetles belonging to the tribe Chrysobothrini ... |
| 260 ## - PUBLICATION, DISTRIBUTION, ETC. | |
| Place of publication, distribution, etc. | Washington |
| Name of publisher, distributor, etc. | [U.S. Govt. print. off., |
| Date of publication, distribution, etc. | 1942] |
| 300 ## - PHYSICAL DESCRIPTION | |
| Extent | 275 p. |
| Other physical details | illus. |
| Dimensions | 23 cm. |
| 490 0# - SERIES STATEMENT | |
| Series statement | U.S. Dept of agriculture. Miscellaneous publication no. 470 |
| 500 ## - GENERAL NOTE | |
| General note | Cover title. |
| 500 ## - GENERAL NOTE | |
| General note | Contribution from Bureau of entomology and plant quarantine. |
| 504 ## - BIBLIOGRAPHY, ETC. NOTE | |
| Bibliography, etc. note | "Literature cited": p. 250-251. |
| 650 #0 - SUBJECT ADDED ENTRY--TOPICAL TERM | |
| Topical term or geographic name entry element | Actenodes. |
| 650 #0 - SUBJECT ADDED ENTRY--TOPICAL TERM | |
| Topical term or geographic name entry element | Chrysobothris. |
| 650 #3 - SUBJECT ADDED ENTRY--TOPICAL TERM | |
| Topical term or geographic name entry element | Buprestidae |
No items available.